| 000 | 00687nam a2200217 u 4500 | ||
|---|---|---|---|
| 005 | 20210223131253.0 | ||
| 008 | 100427s2009 r 000 0 eng d | ||
| 020 | _a9788466763219 | ||
| 035 | _aUPN01000175563 | ||
| 049 | _aCG | ||
| 050 | 4 |
_aDP192.5 _bF4.3 |
|
| 100 | 1 | _aFernández, Roberto | |
| 245 | 1 | 3 |
_aLa España de la ilustración : _bla reforma de España / _cRoberto Fernández. |
| 260 |
_aMadrid : _bAnaya, _c2009. |
||
| 300 |
_a142 p. : _bil. col. |
||
| 440 | 0 | _aBiblioteca básica de historia | |
| 651 | 4 |
_aESPAÑA - _xVIDA SOCIAL Y COSTUMBRES _916379 |
|
| 651 | 4 |
_aESPAÑA - _xCIVILIZACION _916346 |
|
| 651 | 4 |
_aESPAÑA - _xHISTORIA - _ySIGLO XVIII _916340 |
|
| 905 | _aLibro | ||
| 999 |
_c147667 _d147667 |
||